| 000 | 00544nam a22001817a 4500 | ||
|---|---|---|---|
| 999 |
_c190885 _d190885 |
||
| 005 | 20220808165547.0 | ||
| 010 | _aENG-134338 | ||
| 020 | _c495.00 | ||
| 035 | _aEN-117870 | ||
| 037 | _bDBAD/PUB | ||
| 082 |
_a616.462 _2 |
||
| 100 | _aS.V. Rajalingha Rajah | ||
| 245 |
_aDiasity/ _cS.V. Rajalingha Rajah |
||
| 260 |
_aChennai _bS.R. Rishikesh _c2018 |
||
| 270 |
_aD.No.9, Plot No.254, 9th Street, Malleeswari Nagar, Madambakkam post _bChennai _e600126 |
||
| 300 |
_axx,340p.. _c20cm(pbk) |
||
| 942 |
_2ddc _cEN _h616.462 _mRAJ |
||